<?xml version="1.0" encoding="UTF-8"?>
<marc:record xmlns:marc="http://www.loc.gov/MARC21/slim">
   <marc:leader>00000nam a2200000 a 4500</marc:leader>
   <marc:datafield ind1="1" ind2=" " tag="100">
      <marc:subfield code="a">Schliewen, Ulrich</marc:subfield>
      <marc:subfield code="4">aut</marc:subfield>
      <marc:subfield code="e">Verfasser/-in</marc:subfield>
   </marc:datafield>
   <marc:datafield ind1=" " ind2=" " tag="653">
      <marc:subfield code="a">Aquarium</marc:subfield>
   </marc:datafield>
   <marc:datafield ind1=" " ind2=" " tag="653">
      <marc:subfield code="a">Aquarienfische</marc:subfield>
   </marc:datafield>
   <marc:datafield ind1=" " ind2=" " tag="653">
      <marc:subfield code="a">Aquarium buch gu Aquarium buch anfänger aquarium aquarium fische nano aquarium aquariumpflanzen aquarium deko</marc:subfield>
   </marc:datafield>
   <marc:datafield ind1=" " ind2=" " tag="653">
      <marc:subfield code="a">Kleine aquarien 60 Liter Kleines aquarium Nano-aquarien Aquarium buch einsteiger Aquarium buch für anfänger</marc:subfield>
   </marc:datafield>
   <marc:datafield ind1=" " ind2=" " tag="653">
      <marc:subfield code="a">aquarium einrichten aquaristik garnelen aquarium aquarium beleuchtung eckaquarium aquarienpflanzen</marc:subfield>
   </marc:datafield>
   <marc:datafield ind1=" " ind2=" " tag="653">
      <marc:subfield code="a">fische für nano aquarium aquaristik für anfänger fische für 60 liter aquarium 60 liter aquarium fische</marc:subfield>
   </marc:datafield>
   <marc:datafield ind1=" " ind2=" " tag="653">
      <marc:subfield code="a">mini aquarium algen im aquarium nano aquarium fische kleine aquarien nano aquarium einrichten nanoaquarium</marc:subfield>
   </marc:datafield>
   <marc:datafield ind1=" " ind2=" " tag="653">
      <marc:subfield code="a">Softcover / Ratgeber/Natur/Hobbytierhaltung</marc:subfield>
   </marc:datafield>
   <marc:datafield ind1=" " ind2=" " tag="653">
      <marc:subfield code="a">Ratgeber</marc:subfield>
   </marc:datafield>
   <marc:datafield ind1="0" ind2="0" tag="245">
      <marc:subfield code="a">Kleine Aquarien</marc:subfield>
   </marc:datafield>
   <marc:datafield ind1="0" ind2="0" tag="245">
      <marc:subfield code="b">60 Liter spannender Lebensraum</marc:subfield>
   </marc:datafield>
   <marc:datafield ind1="0" ind2="0" tag="245">
      <marc:subfield code="c">Ulrich Schliewen ; Fotos: renomierte Tierfotografen</marc:subfield>
   </marc:datafield>
   <marc:datafield ind1=" " ind2="1" tag="264">
      <marc:subfield code="a">München</marc:subfield>
      <marc:subfield code="b">Gräfe und Unzer Verlag GmbH</marc:subfield>
      <marc:subfield code="c">2016</marc:subfield>
   </marc:datafield>
   <marc:datafield ind1="1" ind2=" " tag="490">
      <marc:subfield code="a">Tierratgeber</marc:subfield>
   </marc:datafield>
   <marc:datafield ind1=" " ind2=" " tag="250">
      <marc:subfield code="a">1. Auflage</marc:subfield>
   </marc:datafield>
   <marc:datafield ind1="1" ind2=" " tag="520">
      <marc:subfield code="a">Angaben aus der Verlagsmeldung

Kleine Aquarien : 60 Liter spannender Lebensraum / von Ulrich Schliewen

Faszinierende Unterwasserwelten mit farbenprächtigen Fischen erleben! Dieser Traum lässt sich mit einem 60-Liter-Becken auch auf kleinem Raum verwirklichen. Der Aquarien-Experte Ulrich Schliewen erklärt im GU Tierratgeber Kleine Aquarien nicht nur, wie der natürliche Lebensraum der Fische funktioniert, er zeigt auch wie sich diese Naturlandschaft erfolgreich im 60-Liter-Aquarium umsetzen lässt. Dazu gibt es zahlreiche kreative Gestaltungsideen für verschiedene Lebensraumbecken und ausführliche Porträts zu den geeigneten Fischen. Man erhält darüber hinaus wertvolle Tipps zum Kauf, zum richtigen Einsetzen und zur Gesunderhaltung der Fische. Außerdem helfen viele praktische Ratschläge bei der täglichen Pflege und optimalen Instandhaltung des 60-Liter-Beckens. Der Verhaltensdolmetscher erklärt darüber hinaus typische Verhaltensweisen der Aquarienfische. Und mit SOS - was tun? ist Hilfe im Notfall garantiert.
</marc:subfield>
   </marc:datafield>
   <marc:datafield ind1=" " ind2=" " tag="020">
      <marc:subfield code="a">9783833855085</marc:subfield>
      <marc:subfield code="9">9783833855085</marc:subfield>
   </marc:datafield>
   <marc:datafield ind1=" " ind2=" " tag="020">
      <marc:subfield code="a">3833855088</marc:subfield>
      <marc:subfield code="9">3833855088</marc:subfield>
   </marc:datafield>
   <marc:datafield ind1=" " ind2=" " tag="041">
      <marc:subfield code="a">ger</marc:subfield>
   </marc:datafield>
   <marc:datafield ind1=" " ind2=" " tag="300">
      <marc:subfield code="a">64 Seiten</marc:subfield>
   </marc:datafield>
</marc:record>
